00420nam a2200121Ia 4500001000400000008004100004082002100045100006300066245010200129260002300231901002900254999001500283248241024s9999 xx 000 0 und d aRD/374/R426m2008 aRepública Dominicana.Secretaria de Estado de Educación 0aManual de Lectoescritura y Cálculo Básico alfbeticemos ahora Red Nacional de Alfabetización bAlfa & Omegac2008 a26/10/2010 12:31:02 p.m. c8440d8440